Music Quiz

Random Music or Clip Quiz

100 Pop Hits of the 70s (Part 2 - 1975-79) Music Clips Quiz Stats

 Plays Quiz not verified by Sporcle

Also try: Backwards Songs
Challenge
Share
Tweet
Score 0/100 Timer 20:00
0 Plays Today
Start Time Song % Correct
0:06Play That Funky Music
89.6%
1:30Afternoon Delight
82.2%
6:12Dancing Queen
82.1%
8:18YMCA
78.7%
2:30Copacabana (At The Copa)
75.8%
0:24Brick House
74.7%
0:54Rich Girl
72.7%
1:48Margaritaville
69.1%
1:42Dream Weaver
68.5%
0:18Take The Money And Run
64.7%
1:24Baby Come Back
64%
5:00My Life
62.6%
7:54You're The One That I Want
62.2%
6:5450 Ways To Leave Your Lover
59.1%
7:06Escape (The Pina Colada Song)
58.9%
6:42Lovin' You
58.2%
1:18Dance With Me
58.1%
6:30Convoy
56.6%
9:30How Deep Is Your Love
56.5%
6:36Rhinestone Cowboy
55.3%
8:36September
54.6%
2:24More More More
54.1%
7:30Fernando
54.1%
2:12I Love The Nightlife (Disco Round)
52.8%
2:06Short People
52.6%
7:18Fly Like An Eagle
52.6%
7:12We Are Family
52.5%
0:12Saturday Night
51.6%
3:54Reunited
51.4%
1:36Baker Street
50.4%
3:24Lucille
46.2%
3:00Sometimes When We Touch
44.4%
5:24Forever In Blue Jeans
44%
3:30When I Need You
43.6%
Start Time Song % Correct
0:00Year Of The Cat
43.4%
4:12If I Can't Have You
43.3%
8:42Da Doo Ron Ron
43.1%
6:24Sara Smile
43%
7:24Hold The Line
41.2%
5:12The Long Run
40.9%
4:00It's A Heartache
39.7%
1:54Devil Woman
38.6%
7:42What A Fool Believes
38.1%
2:48Nobody Does It Better
37.7%
9:54Just The Way You Are
37.7%
3:42Island Girl
37.2%
5:30Hot Child In The City
37.1%
0:30I'd Really Love To See You Tonight
36.4%
7:48You Don't Bring Me Flowers
36.3%
5:36Sad Eyes
35.9%
4:24Don't Cry Out Loud
35.8%
7:00Chuck E's In Love
35%
8:24Muskrat Love
34.6%
6:06At Seventeen
34.1%
5:48We Just Disagree
33.8%
2:42Lido Shuffle
33.7%
8:12Let Your Love Flow
33.4%
0:48Jackie Blue
33.3%
8:48With A Little Luck
32.8%
8:06A Fifth of Beethoven
32.5%
5:54The Things We Do For Love
32%
0:36Reminiscing
31.6%
1:06Just When I Needed You Most
31.4%
4:42Laughter In The Rain
30.8%
1:00She Believes In Me
29.6%
9:24Fox On The Run
29.6%
0:42Shannon
28.8%
2:18Kiss You All Over
28.7%
Start Time Song % Correct
4:36Torn Between Two Lovers
28.5%
3:18Right Time Of The Night
28.3%
8:54Fire
28.2%
6:18On And On
27.8%
4:18Music Box Dancer
27.7%
2:36Thunder Island
27.3%
6:48Please Mr. Please
26.8%
8:00I Just Want To Be Your Everything
24.4%
4:30Lead Me On
24%
9:18Emotion
23.8%
7:36Don't It Make My Brown Eyes Blue
23%
9:36Magnet And Steel
22.4%
1:12So Into You
21.4%
5:42Get Closer
21%
4:48You Can't Change That
20.5%
2:00Feels So Good
20.4%
9:06No No Song
20.4%
3:36Love Will Find A Way
19.9%
9:48Imaginary Lover
19.5%
4:06How Much I Feel
19.4%
9:00You Take My Breath Away
19.2%
2:54Sail On
19%
5:06Couldn't Get It Right
18.6%
9:12(Your Love Has Lifted Me) Higher And Higher
18.5%
3:12Theme From Mahogany (Do You Know Where You're Going To)
16.6%
5:18Too Much, Too Little, Too Late
14.9%
9:42You Needed Me
14%
3:48I'm Easy
13.7%
4:54We're All Alone
12.4%
8:30Stumblin' In
12.1%
3:06Third Rate Romance
11.9%
6:00I'm On Fire
2.8%

You're not logged in!

Compare scores with friends on all Sporcle quizzes.
Join for Free
OR
Log In

You Might Also Like...

Show Comments

Extras

Top Quizzes Today


Score Distribution

Your Account Isn't Verified!

In order to create a playlist on Sporcle, you need to verify the email address you used during registration. Go to your Sporcle Settings to finish the process.

Report this User

Report this user for behavior that violates our Community Guidelines.

Details: